<?xml version="1.0" encoding="UTF-8"?>
<record
    xmlns:xsi="http://www.w3.org/2001/XMLSchema-instance"
    xsi:schemaLocation="http://www.loc.gov/MARC21/slim http://www.loc.gov/standards/marcxml/schema/MARC21slim.xsd"
    xmlns="http://www.loc.gov/MARC21/slim">

  <leader>01727nam a2200301 u 4500</leader>
  <controlfield tag="001">65969</controlfield>
  <controlfield tag="005">20260428104611.0</controlfield>
  <controlfield tag="008">960313s1991       ||||||m|         spa  </controlfield>
  <datafield tag="035" ind1=" " ind2=" ">
    <subfield code="a">65969</subfield>
  </datafield>
  <datafield tag="040" ind1=" " ind2=" ">
    <subfield code="c">comduadb</subfield>
  </datafield>
  <datafield tag="041" ind1=" " ind2=" ">
    <subfield code="a">spa</subfield>
  </datafield>
  <datafield tag="082" ind1=" " ind2="4">
    <subfield code="a">155</subfield>
  </datafield>
  <datafield tag="100" ind1="1" ind2="0">
    <subfield code="a">Acosta Rosero, Jose Elias</subfield>
    <subfield code="4">aut</subfield>
    <subfield code="e">aut</subfield>
    <subfield code="9">316180</subfield>
  </datafield>
  <datafield tag="245" ind1="1" ind2="0">
    <subfield code="a">Validez concurrente y confiabilidad : escala abreviada del desarrollo, elaborada por el ministerio de salud, Colombia</subfield>
  </datafield>
  <datafield tag="260" ind1=" " ind2=" ">
    <subfield code="a">Medell&#xED;n :</subfield>
    <subfield code="b">[sin publicador],</subfield>
    <subfield code="c">1991.</subfield>
  </datafield>
  <datafield tag="300" ind1=" " ind2=" ">
    <subfield code="a">101,34H.</subfield>
  </datafield>
  <datafield tag="520" ind1="3" ind2=" ">
    <subfield code="a">A partir del macroproyecto "Efectos de la estimulaci&#xF3;n adecuada en el ni&#xF1;o con retardo en el desarrollo", dispuesto para la Maestr&#xED;a en Educaci&#xF3;n: Psicopedagog&#xED;a, cohorte de 1990, se seleccion&#xF3; el subproyecto "Evaluaci&#xF3;n del desarrollo del ni&#xF1;o especial" y dentro d&#xE9; &#xE9;l se ha inscrito el presente trabajo cuyo car&#xE1;cter es fundamentalmente Psicom&#xE9;trico y perteneciente al tipo de investigaci&#xF3;n denominada evaluativa. Dentro de las funciones fundamentales de la divisi&#xF3;n Materno infantil del Ministerio de Salud, est&#xE1; el dise&#xF1;o de los sistemas operativos de prevenci&#xF3;n, diagn&#xF3;stico, tratamiento y rehabilitaci&#xF3;n de problemas de salud, crecimiento y desarrollo de la poblaci&#xF3;n infantil.</subfield>
  </datafield>
  <datafield tag="650" ind1=" " ind2="7">
    <subfield code="a">Desarrollo infantil</subfield>
    <subfield code="2">dcs</subfield>
    <subfield code="9">2771</subfield>
  </datafield>
  <datafield tag="650" ind1=" " ind2=" ">
    <subfield code="a">Pruebas psicologicas para ni&#xF1;os</subfield>
    <subfield code="9">47273</subfield>
  </datafield>
  <datafield tag="650" ind1=" " ind2=" ">
    <subfield code="a">Escala abreviada del desarrollo (EAD)</subfield>
    <subfield code="9">12944</subfield>
  </datafield>
  <datafield tag="650" ind1=" " ind2="7">
    <subfield code="a">Estimulaci&#xF3;n temprana</subfield>
    <subfield code="2">armarc</subfield>
    <subfield code="9">862</subfield>
  </datafield>
  <datafield tag="700" ind1="1" ind2="0">
    <subfield code="a">Ortiz Sierra, Maria Cristina</subfield>
    <subfield code="4">aut</subfield>
    <subfield code="e">aut</subfield>
    <subfield code="9">257566</subfield>
  </datafield>
  <datafield tag="700" ind1="1" ind2="0">
    <subfield code="a">Choles Quintero, Patricia Esperanza</subfield>
    <subfield code="4">aut</subfield>
    <subfield code="e">aut</subfield>
    <subfield code="9">480574</subfield>
  </datafield>
  <datafield tag="856" ind1="4" ind2=" ">
    <subfield code="u">http://ayura.udea.edu.co:8080/jspui/handle/123456789/862</subfield>
  </datafield>
  <datafield tag="942" ind1=" " ind2=" ">
    <subfield code="c">TESIS</subfield>
  </datafield>
  <datafield tag="999" ind1=" " ind2=" ">
    <subfield code="c">10067</subfield>
    <subfield code="d">10067</subfield>
  </datafield>
  <datafield tag="502" ind1=" " ind2=" ">
    <subfield code="b">153</subfield>
    <subfield code="c">15</subfield>
  </datafield>
  <datafield tag="526" ind1=" " ind2=" ">
    <subfield code="a">155</subfield>
  </datafield>
  <datafield tag="952" ind1=" " ind2=" ">
    <subfield code="0">0</subfield>
    <subfield code="1">0</subfield>
    <subfield code="4">0</subfield>
    <subfield code="7">0</subfield>
    <subfield code="8">TESISBC</subfield>
    <subfield code="a">BC</subfield>
    <subfield code="b">BC</subfield>
    <subfield code="d">1998-05-15</subfield>
    <subfield code="i">C107040</subfield>
    <subfield code="l">0</subfield>
    <subfield code="o">155.413 A185v</subfield>
    <subfield code="p">61000002257505</subfield>
    <subfield code="r">2023-04-20 00:00:00</subfield>
    <subfield code="t">1</subfield>
    <subfield code="w">2023-04-20</subfield>
    <subfield code="y">TESIS</subfield>
  </datafield>
</record>
